| 000 | 01279cam a22003135a 4500 | ||
|---|---|---|---|
| 001 | 14460206 | ||
| 005 | 20160217102638.0 | ||
| 008 | 060717t2007 nyua frbe 001 0 eng d | ||
| 020 | _a081551526X (set : alk paper) | ||
| 020 | _a9780815515265 (set : alk paper) | ||
| 040 |
_aDNLM/DLC _beng _cDLC _dNLM _dBAKER _dYDXCP _dYDX _dOCLCQ _dDLC _dEG-ScBUE _dEG-ScBUE |
||
| 082 | 0 | 4 |
_a615.1903 _bPHA _222 |
| 245 | 0 | 0 | _aPharmaceutical manufacturing encyclopedia. |
| 250 | _a3rd ed. | ||
| 260 |
_aNorwich : _bWilliam Andrew Publishing, _cc.2007. |
||
| 300 |
_a4 v. : _bill. ; _c24 cm. |
||
| 500 | _aRev. ed. of: Pharmaceutical manufacturing encyclopedia / by Marshall Sittig. c1988. | ||
| 504 | _aIncludes bibliographical references and index. | ||
| 505 | 0 | _av. 1. A-B -- v. 2. C-G -- v. 3. H-P -- v. 4. Q-Z, indices. | |
| 650 | 0 |
_aDrugs _xSynthesis _vEncyclopedias. _2BUEsh |
|
| 650 | 0 |
_aPharmaceutical chemistry _vEncyclopedias. _2BUEsh |
|
| 650 | 1 | 2 |
_aPharmaceutical Preparations _vEncyclopedias _xEnglish. _2BUEsh |
| 650 | 2 | 2 |
_aChemistry, Pharmaceutical _vEncyclopedias _xEnglish. _2BUEsh |
| 651 | _2BUEsh | ||
| 653 |
_bPPhrm _cJuly2015 _cFebruary2016 |
||
| 700 | 1 |
_aSittig, Marshall. _tPharmaceutical manufacturing encyclopedia. |
|
| 710 | 2 | _aWilliam Andrew Publishing. | |
| 942 | _2ddc | ||
| 999 |
_c20126 _d20098 |
||